00560nam a2200181 450000500170000002000330001704000330005008200140008310000180009724500880011526000470020330000330025050400190028365000240030265000180032665000140034470000200035820250930150824.0 a9780195686852cTZS 18,267.66 aMCCL.beng.eAACR 2nd rev.ed a658.1 HAT aHatch,Mary Jo aOrganization theory :bmodern ,symbolic,and postmodern perspectives/cMary Jo Hatch aNew York :bOxford University Presscc2006 axxiii,370 p. :c24 cmbill.; aIncludes index aOrganization theory acommunication amarketing aAnn L. cunliffe